All 2025 WTA Final Lineups - Statistics

General Stats
  • This quiz has been taken 102 times
  • The average score is 71 of 106
Answer Stats
Tournament Category Answer % Correct
F Aryna Sabalenka
98%
F Aryna Sabalenka
98%
US Open Grand Slam W Aryna Sabalenka
98%
F Aryna Sabalenka
98%
Miami WTA 1000 W Aryna Sabalenka
98%
Madrid WTA 1000 W Aryna Sabalenka
98%
F Aryna Sabalenka
98%
Brisbane WTA 500 W Aryna Sabalenka
98%
F Aryna Sabalenka
98%
Roland Garros Grand Slam W Coco Gauff
98%
F Coco Gauff
98%
F Coco Gauff
98%
Wuhan WTA 1000 W Coco Gauff
98%
Wimbledon Grand Slam W Iga Świątek
98%
Cincinnati WTA 1000 W Iga Świątek
98%
F Iga Świątek
98%
Seoul WTA 500 W Iga Świątek
98%
Australian Open Grand Slam W Madison Keys
96%
Adelaide WTA 500 W Madison Keys
96%
F Jessica Pegula
93%
F Jessica Pegula
93%
F Jessica Pegula
93%
Charleston WTA 500 W Jessica Pegula
93%
Bad Homburg WTA 500 W Jessica Pegula
93%
Austin WTA 250 W Jessica Pegula
93%
F Amanda Anisimova
91%
F Amanda Anisimova
91%
Doha WTA 1000 W Amanda Anisimova
91%
Beijing WTA 1000 W Amanda Anisimova
91%
F Amanda Anisimova
91%
Dubai WTA 1000 W Mirra Andreeva
91%
Indian Wells WTA 1000 W Mirra Andreeva
91%
Riyadh WTA Finals W Elena Rybakina
89%
Strasbourg WTA 500 W Elena Rybakina
89%
Ningbo WTA 500 W Elena Rybakina
89%
Rome WTA 1000 W Jasmine Paolini
89%
F Jasmine Paolini
89%
F Naomi Osaka
84%
F Naomi Osaka
84%
Montreal WTA 1000 W Victoria Mboko
79%
Hong Kong WTA 250 W Victoria Mboko
79%
Washington WTA 500 W Leylah Fernandez
75%
Osaka WTA 250 W Leylah Fernandez
75%
Abu Dhabi WTA 500 W Belinda Bencic
74%
Tokyo WTA 500 W Belinda Bencic
74%
Linz WTA 500 W Ekaterina Alexandrova
74%
F Ekaterina Alexandrova
74%
F Ekaterina Alexandrova
74%
F Ekaterina Alexandrova
74%
Rouen WTA 250 W Elina Svitolina
68%
F Jeļena Ostapenko
68%
Stuttgart WTA 500 W Jeļena Ostapenko
68%
Queen's Club WTA 500 W Tatjana Maria
68%
F Clara Tauson
67%
Auckland WTA 250 W Clara Tauson
67%
F Elise Mertens
67%
Singapore WTA 250 W Elise Mertens
67%
Rosmalen WTA 250 W Elise Mertens
67%
Mérida WTA 500 W Emma Navarro
65%
F Ann Li
63%
F Ann Li
63%
Guangzhou WTA 250 W Ann Li
63%
Berlin WTA 500 W Markéta Vondroušová
63%
F Linda Nosková
60%
F Linda Nosková
60%
F Linda Nosková
60%
F Alexandra Eala
58%
F Xinyu Wang
58%
Bogotá WTA 250 W Camila Osorio
56%
F Liudmila Samsonova
56%
Hamburg WTA 250 W Lois Boisson
54%
Rabat WTA 250 W Maya Joint
54%
Eastbourne WTA 250 W Maya Joint
54%
F Anna Kalinskaya
53%
Monterrey WTA 500 W Diana Shnaider
53%
Guadalajara WTA 500 W Iva Jovic
51%
F Emiliana Arango
49%
F Emiliana Arango
49%
Cluj-Napoca WTA 250 W Anastasia Potapova
47%
F Polina Kudermetova
47%
F Sofia Kenin
46%
Hobart WTA 250 W McCartney Kessler
44%
F McCartney Kessler
44%
Nottingham WTA 250 W McCartney Kessler
44%
Cleveland WTA 250 W Sorana Cîrstea
44%
F Dayana Yastremska
42%
F Dayana Yastremska
42%
F Janice Tjen
42%
Chennai WTA 250 W Janice Tjen
42%
Prague WTA 250 W Marie Bouzková
40%
F Jaqueline Cristian
39%
F Ashlyn Krueger
35%
F Olga Danilović
32%
F Anna Bondár
28%
F Elena-Gabriela Ruse
28%
F Lucia Bronzetti
28%
F Lulu Sun
28%
Jiujiang WTA 250 W Anna Blinkova
26%
F Cristina Bucșa
26%
Iasi WTA 250 W Irina-Camelia Begu
21%
F Tereza Valentová
21%
São Paulo WTA 250 W Tiantsoa Rakotomanga Rajaonah
19%
F Kimberly Birrell
14%
F Jil Teichmann
11%
F Lilli Tagger
11%
F Katarzyna Kawa
9%
No matching quizzes found
Score Distribution
Percent of People with Each Score
Percentile by Number Answered
Your Score History
You have not taken this quiz